000 00673nam a2200229Ia 4500
003 GCL
008 140319s9999 xx 000 0 ara d
020 _a7032119977
040 _aGCL /
_cGCL
082 0 4 _aط
_b610
_bد م
100 1 _aدينا الغمرى
245 1 0 _aما هو الطب /
_cدينا الغمرى
700 1 _aمحمد ابو الفتوح
250 _aالاولى
260 _aالقاهرة :
_bبردى للنشر ،
_c1996
300 _a55 ص:
_bايض ؛
_c19 سم
490 _aالركن الصغير
_v0
650 0 4 _aالطب
650 0 4 _aالطب - تاريخ
650 0 4 _aالطب - العالم العربى
942 _2ddc
_cBK
999 _c4721
_d4721